000 01098nam a2200217 a 4500
008 120416s2000 ||||||||||||||||| || u
020 _a1861681291
050 _aRC 1230 Dru
100 _aDonnellan, Craig
245 1 0 _aDrugs in sport
246 _aissues (formerly issues in the nineties)
260 _aCambridge
_bIndependence
_c2000
300 _a44p. : ill
350 _a0.00
490 _aIssues
650 _aDRUGS--SPORT
995 _aANNEX COLLECTION (Main Library)
_D0.00
_e735271
_FCBU-MAIN LIBRARY (Kitwe)
_H1
_I9.00
_jRC 1230 Dru
_M1
_UAVAILABLE
_y38361
_ZAnnex Low-Usage Collection
995 _aANNEX COLLECTION (Main Library)
_D0.00
_e735270
_FCBU-MAIN LIBRARY (Kitwe)
_H4
_I9.00
_jRC 1230 Dru
_M1
_UAVAILABLE
_WApr 20, 2007
_y38360
_ZAnnex Low-Usage Collection
995 _aANNEX COLLECTION (Main Library)
_D0.00
_e735272
_FCBU-MAIN LIBRARY (Kitwe)
_H2
_I9.00
_jRC 1230 Dru
_M2
_UAVAILABLE
_y38362
_ZAnnex Low-Usage Collection
995 _aANNEX COLLECTION (Main Library)
_D0.00
_e735269
_FCBU-MAIN LIBRARY (Kitwe)
_H3
_I9.00
_jRC 1230 Dru
_M1
_UAVAILABLE
_WApr 20, 2007
_y38359
_ZAnnex Low-Usage Collection
999 _c75655
_d75655